|
|
|
|
| LEADER |
00000nab a2200000 ar4500 |
| 001 |
vtls010446360 |
| 003 |
SK-MaSNL |
| 005 |
20260303231058.0 |
| 008 |
120906c2012 xo mr|p|||||||000 b|slo |
| 038 |
|
|
|a PPPK
|
| 040 |
|
|
|a PPPKCL
|b slo
|c PPPKCL
|e AACR2
|
| 041 |
0 |
|
|a slo
|
| 044 |
|
|
|a xo
|c SK
|
| 080 |
|
|
|a 373/378:7
|x (437.671.113.123)
|2 2001
|
| 080 |
|
|
|a 394.46
|2 2001
|
| 100 |
1 |
|
|a Levocký, Ján
|4 aut
|9 499692
|
| 245 |
1 |
0 |
|a 60 rokov Základnej umeleckej školy Antona Cígera
|b 80 rokov organizovaného hudobného vzdelávania v Kežmarku
|c Ján Levocký
|
| 610 |
2 |
7 |
|a Základná umelecká škola Antona Cígera (Kežmarok, Slovensko)
|2 pppkcl
|9 546120
|
| 648 |
|
7 |
|a 60. výročie
|2 pppkcl
|9 1090704
|
| 650 |
0 |
7 |
|a umelecké školy
|2 pppkcl
|9 29319
|
| 650 |
0 |
7 |
|a výročia a významné udalosti
|2 pppkcl
|9 16069
|
| 651 |
|
7 |
|a Kežmarok (Slovensko)
|2 pppkcl
|9 26808
|
| 773 |
0 |
|
|t Kežmarok
|g Roč. XX, č. 13 (2012), s. 9
|
| 852 |
|
|
|a PPPK
|b KIS3GCP
|
| 999 |
|
|
|c 2265078
|d 2267008
|